Statistiques concernant Mots tchèques aléatoires

Cliquez ici pour prendre le quiz!

Statistiques générales

  • Ce quiz a été pris 123 fois
  • Le résultat moyen est 5 sur 16

Statistiques - réponses

tchèquefrançais% Correct
PařížParis
85%
marmeládaconfiture
71%
vodaeau
52%
ŠpanělskoEspagne
46%
fyzikaphysique
43%
koňakcognac
36%
cukrsucre
34%
andělange
32%
plážplage
27%
drakdragon
23%
klíčclé
18%
kaprcarpe
15%
slunce, Sluncesoleil, Soleil
15%
stanicestation
15%
tanecdanse
14%
béžovýbeige
12%

Distribution des résultats

Percentile par nombre de réponses

% des personnes avec chaque résultat

Votre développement - résultats

Vous n’avez pas pris ce quiz